Albums by Cover Art - Goodwill Edition - Statistics

General Stats
  • This quiz has been taken 123 times
  • The average score is 9 of 24
Answer Stats
Picture Answer % Correct
Backstreet Boys - Millennium
85%
Michael Bublé - Christmas
73%
Seal - Seal
57%
Kenny Rogers - The Gambler
54%
Barbara Streisand - The Way We Were
53%
Garth Brooks - No Fences
51%
Hall & Oates - Private Eyes
47%
Norah Jones - Come Away With Me
45%
Neil Diamond - You Don't Bring Me Flowers
42%
R.E.M. - Monster
40%
Michael Bolton - Time, Love & Tenderness
38%
Pentatonix - That's Christmas To Me
38%
Creed - Human Clay
37%
Kenny G - Duotones
36%
Celine Dion - Falling Into You
35%
Barry Manilow - Barry Manilow II
26%
Bobby McFerrin - Simple Pleasures
26%
Jewel - Pieces of You
26%
Josh Groban - Closer
26%
Glen Campbell - Southern Nights
25%
Bonnie Raitt - Luck of the Draw
22%
Herb Alpert - Whipped Cream and Other Delights
22%
Hootie and the Blowfish - Cracked Rear View
18%
Roger Miller - The Return of Roger Miller
5%
No matching quizzes found
Score Distribution
Percent of People with Each Score
Percentile by Number Answered
Your Score History
You have not taken this quiz